As botas do sargento (Registo nº 5125)
[ vista simples ]
| 000 -Etiqueta do registo | |
|---|---|
| Valores | 00650cam a2200217 4500 |
| 010 ## - Número ISBN | |
| ISBN | 9725644840 |
| 021 ## - Número do Depósito Legal | |
| Número | 196568/03 |
| 100 ## - Dados gerais de processamento | |
| Dados gerais | 20031023d2003 d y0pory5003 ba |
| 200 1# - Titulo e menção de responsabilidade | |
| Título próprio | As botas do sargento |
| Primeira menção de responsabilidade | Vasco Graça Moura |
| Outras menções de responsabilidade | inspirado na obra de Paula Rego |
| -- | coord. Rosário Sousa Machado |
| 205 ## - Menção da edição | |
| Edição | 3ª ed |
| 210 #9 - Publicação | |
| Local de publicação | Lisboa |
| Nome do editor | Quetzal |
| Data de publicação | D.L. 2003 |
| 215 ## - Descrição física | |
| Paginação / Volumes | 46 p. |
| Outras indicações físicas | il. |
| Dimensões | 21 cm |
| 225 2# - Colecção | |
| Título próprio da colecção | Olhar um conto |
| 675 ## - CDU | |
| Notação | 82-93 / 821.134.3 |
| Edição | PT |
| Língua | por |
| 700 #1 - Autor principal (pessoa individual) | |
| Apelido | Moura, |
| Nome | Vasco Graça |
| Datas | 1942-2014 |
| 702 #1 - Autor secundário (pessoa individual) | |
| Apelido | Machado, |
| Nome | Rosário de Sousa |
| 702 #1 - Autor secundário (pessoa individual) | |
| Apelido | Rego, |
| Nome | Paula |
| Datas | 1935-2022 |
| 801 ## - Fonte de origem | |
| País | PT |
| Agência | BMVN |
| Regras de catalogação | RPC |
| 990 ## - Elementos KOHA | |
| Tipo de documento | Livro |
| Situação do levantamento | Biblioteca de origem | Código de barras | Cota | Permissão de empréstimo | Tipo de documento | Forma de aquisição |
|---|---|---|---|---|---|---|
| Biblioteca Escola Secundária de Vendas Novas | 200000001107 | LJ POR/MOU | Livro |